| 000 | 00743nas a2200289 a 4500 | ||
|---|---|---|---|
| 001 | 9950 | ||
| 003 | 20038 | ||
| 005 | 20201118095420.0 | ||
| 008 | ||||||n9999 ||| || || | ||
| 020 | _a9684228007 | ||
| 041 | _aspa | ||
| 082 |
_221 _a658 |
||
| 100 | _aBittel, Lester | ||
| 245 | 0 | _aCurso practico Mcgraw-Hill del Supervisor | |
| 260 |
_aBogotá : _bMcGraw-Hill, _c1991. |
||
| 300 | _a9V | ||
| 490 | _aCurso Practico McGraw-Hill del Supervisor | ||
| 562 | _e0 | ||
| 650 | _aADMINISTRACIÓN DEL RECURSO HUMANO | ||
| 650 | _aCAPACITACION INDUSTRIAL | ||
| 650 | _aESTUDIO DE CASO | ||
| 650 | _aPLANIFICACION ORGANIZACIONAL | ||
| 650 | _aRELACIONES HUMANAS | ||
| 650 | _aSUPERVISION | ||
| 942 | _cBKM | ||
| 942 | _cBKM | ||
| 999 |
_c9950 _d9950 |
||